[Event "Candidates sf"]
[Site "Elista"]
[Date "2007.06.01"]
[Round "1.5"]
[White "Carlsen, Magnus"]
[Black "Aronian, Levon"]
[Result "1-0"]
[WhiteElo "2693"]
[BlackElo "2759"]
[Annotator "Carlsen,Magnus"]
[PlyCount "97"]
[EventDate "2007.05.27"]
[EventType "k.o."]
[EventRounds "12"]
[EventCountry "RUS"]
[SourceTitle "CBM 119"]
[Source "ChessBase"]
[SourceDate "2007.08.01"]
[SourceVersion "1"]
[SourceVersionDate "2007.08.01"]
[SourceQuality "1"]

{After losing the 4th game in a terrible way I was essentially in a must-win situation in this game.  Nachdem ich die 4. Partie auf schreckliche Weise verloren hatte, war ich in dieser Partie im Grunde zum Siegen verdonnert.} 1. d4 Nf6 2. c4 e6 3. Nf3 b6 4. a3 Bb7 5. Nc3 d5 6. cxd5 Nxd5 7. Qc2 Be7 8. e4 Nxc3 9. bxc3 {Since I fared so well with this structure in the 3rd game I felt that it might be an idea to try and get the same structure again. Da ich mit dieser Struktur in der 3. Partie so gut gefahren war, hatte ich das Gefühl, es wäre vielleicht eine Idee zu versuchen, selbige noch einmal zu bekommen.} O-O 10. Bd3 c5 11. O-O Qc7 (11... Qc8 {intending a6 is a more solid alternative. mit der Absicht a6 ist eine solidere Alternative.}) 12. Qe2 Nd7 13. Bb2 (13. e5 {is the main alternative and was played in Gelfand-Carlsen, Biel 05, but white didn't get much of an advantage there. ist die Hauptalternative und wurde in Gelfand-Carlsen, Biel 05, gespielt, allerdings holte Weiß dort keinen besonderen Vorteil heraus.}) 13... c4 ({RR} 13... Rac8 14. Nd2 Rfd8 15. Rfd1 Nf6 16. a4 cxd4 17. cxd4 Bb4 18. Nf3 Qe7 19. h3 h6 20. Qe3 a5 21. Rdc1 Ne8 22. Ne5 Nf6 23. Nf3 Ne8 24. Ne5 Nf6 25. Nc4 Rc6 26. Qg3 Nh5 27. Qe3 Nf6 28. Rc2 {Kasparov,G (2831)-Kramnik,V (2777) Linares 2004 ½-½ (44)}) ({RR} 13... Rac8 14. Nd2 Nf6 15. Rad1 c4 16. Bb1 e5 17. Nf3 Nd7 18. Bc1 Bf6 19. h3 Rfe8 20. d5 Be7 21. Ne1 Bd6 22. Nc2 Nc5 23. Ne3 Nb3 24. Bb2 g6 25. Bc2 Nc5 26. Ng4 Qe7 27. Bc1 h5 28. Nh2 {Sai Mahati Alapati (1953)-Vaibhav,J (2071) Sitges ESP 2024 0-1 (55)}) ({RR} 13... Rfd8 14. Nd2 Ne5 15. Bb1 Ng6 16. g3 Rac8 17. Nf3 e5 18. d5 c4 19. a4 Bd6 20. Bc2 a6 21. Rfb1 Rb8 22. Bc1 Bc8 23. Be3 Bd7 24. Nd2 b5 25. h4 h6 26. axb5 axb5 27. Ra6 Bc5 28. Rba1 {Carlsen,M (2714)-Leko,P (2755) Moscow 2007 ½-½ (49)}) 14. Bc2 b5 15. Bc1 {I hadn't devoted so much time to c4 during my preparation, and this move was found over the board. The idea is however very logical. Der Fortsetzung ...c4 hatte ich während meiner Vorbereitung nicht so viel Zeit gewidmet, und dieser Zug wurde am Brett gefunden. Die Idee ist allerdings sehr logisch.} a5 $146 ({RR} 15... Rab8 16. Bg5 Nb6 17. Bxe7 Qxe7 18. Rfb1 Bc6 19. Qe3 Rfc8 20. h3 a5 21. d5 exd5 22. Nd4 Be8 23. Nf5 Qe5 24. Qg5 Kh8 25. f4 Qf6 26. Qxf6 gxf6 27. Nd6 Rd8 28. Nxe8 Rxe8 29. Rxb5 dxe4 30. Rab1 {Ftacnik,L (2532)-Azarov,S (2612) Czech Republic 2010 ½-½ (34)}) 16. Rb1 Ba6 $6 (16... b4 $1 {was the logical follow-up. After war die logische Folge. Nach} 17. axb4 axb4 18. cxb4 Ra2 {Black has very reasonable compensation. White should probably play hat Schwarz sehr ordentliche Kompensation. Weiß sollte wahrscheinlich} 19. Bg5 {with a double-edged game. ziehen mit zweischneidigem Spiel.}) 17. e5 b4 $2 {This has to be considered a mistake, but even after e.g. Dies muss man als Fehler sehen, doch auch nach z.B.} (17... Rfe8 18. Ng5 Nf8 19. Qh5 Bxg5 20. Bxg5 {White is better, as Black has little counterplay. steht Weiß besser, da Schwarz wenig Gegenspiel hat.}) (17... Rfb8 18. d5 $5 $40) 18. axb4 axb4 19. Bg5 $6 (19. Rxb4 $1 {winning a clear pawn was better. , was einen klaren Bauern gewinnt, war besser.} Bxb4 20. Bxh7+ Kxh7 (20... Kh8 {is better but insufficient: ist besser, aber unzureichend:} 21. Ng5 g6 22. Qf3 $1 Kg7 23. Bxg6 $1 $18) 21. Ng5+ Kg8 (21... Kg6 22. Qe4+ f5 23. exf6+ Kxf6 (23... Kh5 24. Qh7+ Kg4 25. h3#) 24. Qxe6#) 22. Qh5 Rfe8 23. Qxf7+ {I saw this far, but after considering moves like cxb4 for a short while, I decided that there was no more than a perpetual. But White has the simple yet elegant So weit hatte ich gesehen, doch nach dem kurzen Erwägen von Zügen wie cxb4 beschloss ich, dass es nicht mehr als Dauerschach gibt. Doch Weiß hat das einfache, aber elegante} Kh8 24. Re1 $1 {when there is no other defence against e3-h3 than f8 or xe5, giving up the queen and leaving White with a completely winning position. wonach gegen e3-h3 keine andere Verteidigung vorhanden ist als f8 oder xe5, was die Dame gibt und Weiß eine komplette Gewinnstellung überlässt.}) 19... Nb6 20. Qe4 g6 21. Qh4 Ra7 {This is the kind of position where White must have something, but after considering moves like xb4 for a while, I got so confused that I decided to play it safe. Dies ist die Art von Stellung, wo Weiß etwas haben muss, doch nachdem ich eine Zeit lang an Zügen wie xb4 überlegt hatte, wurde ich so verwirrt, dass ich beschloss, auf Nummer sicher zu gehen.} 22. Bf6 $6 (22. Rxb4 Bxb4 (22... Nd5 {I thought that Black could probably defend here, but now I cannot really imagine how... Ich dachte, dass Schwarz sich hier wahrscheinlich verteidigen könnte, jetzt aber kann ich mir nicht wirklich vorstellen wie...} 23. Ra4 $16) 23. Bf6 Rb8 24. cxb4 {with a decisive-looking attack. mit entscheidend wirkendem Angriff.} (24. Ng5 h5 25. Bxg6 fxg6 26. Qe4 Qf7 27. Nxf7 Kxf7 28. cxb4 Nd5 {is less clear. ist weniger klar.})) 22... Bxf6 23. exf6 Nd5 24. Be4 Qf4 25. Bxd5 Qxh4 26. Nxh4 exd5 27. Rxb4 {Luckily, my advantage is still very big, and I was convinced that I would be able to convert it in the end. Zum Glück ist mein Vorteil noch immer sehr groß, und ich war überzeugt, ihn am Ende verwerten zu können.} Bc8 28. Rb6 {This move is nessecary in order to prevent a6. Dieser Zug ist nötig, um a6 zu verhindern.} Ra3 29. Rc1 Be6 30. Nf3 Rfa8 31. h4 h6 32. Ne5 Ra1 {The only chance. Die einzige Chance.} 33. Rxa1 $1 {I calculated for a while and came to the conclusion that White is winning, but my calculation wasn't entirely accurate. Ich rechnete eine Weile und kam zu dem Schluss, dass Weiß gewinnt, allerdings war meine Berechnung nicht ganz genau.} (33. Rbb1 {is a move I considered for a while, but I was a bit worried about ist ein Zug, an dem ich eine Weile überlegte, aber ich machte mir ein bisschen Sorgen wegen} R1a3 $1 (33... Rxb1 34. Rxb1 Ra3 35. Rc1 {is worse - White protects c3 and will have all the time in the world to improve his position. ist schlechter - Weiß deckt c3 und wird alle Zeit der Welt haben, seine Stellung zu verbessern.})) 33... Rxa1+ 34. Kh2 Ra3 35. Rb8+ Kh7 36. f4 $1 {A not very obvious move, but the only winning one. Nicht sehr offensichtlich, aber der einzige Gewinnzug.} (36. Rf8 {This obvious move doesn't give White a winning advantage: Dieser offensichtliche Zug gibt Weiß keinen Gewinnvorteil:} Rxc3 37. Nxf7 Bxf7 38. Rxf7+ Kg8 39. Rg7+ (39. Rd7 Rd3 40. Rxd5 Kf7 $14) 39... Kf8 40. Rxg6 Rd3 {is not better for White anymore. ist nicht mehr besser für Weiß.}) 36... Rxc3 37. h5 gxh5 38. Rf8 {Now the point of f4 is clear. White will get a passed pawn on f6, which is supported by a very strong knight and will lead to a decisive gain of material. Nun ist die Pointe von f4 klar. Weiß wird einen Freibauern auf f6 erhalten, der von einem bärenstarken Springer gestützt ist und zu entscheidendem Materialgewinn führen wird.} Ra3 39. f5 Bxf5 40. Rxf7+ Kg8 {I had seen this far when I went for xa1, but I had to stop and think here, as White at first doesn't seem to have anything better than perpetual check. However, I quickly found the winning idea.  So weit hatte ich bei 32.xa1 gesehen, doch hier musste ich einhalten und überlegen, da Weiß auf den ersten Blick nicht mehr als Dauerschach zu haben scheint. Doch schnell fand ich die Gewinnidee.} 41. Rg7+ Kf8 42. Rb7 Ra8 43. Kg3 $1 {The king is included in the game with lethal effect. The poor black bishop is forced away from f5, which is the only square where it protects the crucial squares d7 and g6. Der König wird mit tödlicher Wirkung ins Spiel eingeschaltet. Der arme schwarze Läufer wird von f5 vertrieben, welches das einzige Feld ist, wo er die kritischen Felder d7 und g6 schützt.} Rd8 (43... c3 {is one move too late: kommt einen Zug zu spät:} 44. Kf4 c2 45. Kxf5 c1=Q 46. Ng6+ Ke8 (46... Kg8 47. Rg7#) 47. f7+ Kd8 48. f8=Q#) 44. Kf4 Be4 45. g3 {The simplest for a human being. Für einen Menschen am einfachsten.} (45. Nf7 $1 {followed by xh6 and g7-g8 is better, but the text is much simpler. nebst xh6 und g7-g8 ist besser, doch der Text ist viel simpler.}) 45... c3 46. Rf7+ Kg8 47. Rg7+ Kf8 48. Nd7+ Rxd7 49. Rxd7 {The c-pawn is stopped and there is no stopping the f6-pawn. This was obviously a very important win for me, and actually achieved quite smoothly. It has to be said, however, that this wasn't Levon's best day. Der c-Bauer wird gestoppt, und der f6-Bauer ist nicht aufzuhalten. Dies war offensichtlich ein sehr wichtiger Sieg für mich, und er wurde eigentlich recht glatt errrungen. Allerdings muss gesagt werden, dass Levon nicht seinen besten Tag hatte.} 1-0

[Event "Candidates sf"]
[Site "Elista"]
[Date "2007.06.02"]
[Round "1.6"]
[White "Aronian, Levon"]
[Black "Carlsen, Magnus"]
[Result "1/2-1/2"]
[WhiteElo "2759"]
[BlackElo "2693"]
[Annotator "Rogozenco,Dorian"]
[PlyCount "94"]
[EventDate "2007.05.27"]
[EventType "k.o."]
[EventRounds "12"]
[EventCountry "RUS"]
[SourceTitle "CBM 119"]
[Source "ChessBase"]
[SourceDate "2007.08.01"]
[SourceVersion "1"]
[SourceVersionDate "2007.08.01"]
[SourceQuality "1"]

1. d4 Nf6 2. Nf3 d5 3. c4 c6 4. Nc3 dxc4 5. a4 Bf5 6. Ne5 Nbd7 7. Nxc4 Nb6 8. Ne5 a5 ({Exchanging a pair of knights is one of the main strategical ideas for Black in this system. However, trying to do so immediately is a mistake:} 8... Nfd7 9. e4 Nxe5 (9... Bg6 10. a5 (10. Nxg6 hxg6 11. a5 Nc8 12. Qb3 $16) 10... Nxe5 (10... Nc8 11. a6 $18) 11. axb6 Nd7 12. Rxa7 Nxb6 13. Rxb7 e6 14. Be3 $16) 10. exf5 Ned7 (10... Nec4 11. a5 $18) 11. a5 $16 Nc8 (11... Nd5 $142 12. Nxd5 cxd5 13. Qb3 $5 $16) 12. a6 $1 b6 (12... bxa6 $142 13. Bxa6 $16 {/+-}) 13. d5 $1 $18 {1-0 Fridman,D (2562)-Maze,S (2525)/Marseille 2006 (24)}) ({Also bad is} 8... Nbd7 $6 9. Qb3 Nxe5 10. dxe5 Ng4 11. Qxb7 Nxe5 12. f4 (12. Bf4 Rb8 13. Qxa7 Rxb2 14. Rd1 Nd7 15. e4 e5 16. Bc1 $1 Rc2 17. exf5 Rxc3 18. Qb7 $16) 12... Ng6 (12... Ng4 13. Qxc6+ Bd7 14. Qf3 $16) 13. e4 Bd7 $2 (13... Qc8 $8 14. Qxc8+ (14. Ba6 Bd7 15. a5 e5 $1 16. f5 Qxb7 17. Bxb7 Rb8 18. a6 Nf4 $132 {[%cal Gf4d3,Gf4g2,Gf8c5]}) 14... Bxc8 15. Be3 e6 (15... e5 16. f5 $14) 16. O-O-O $14) 14. f5 Ne5 15. Bf4 f6 16. Bxe5 fxe5 17. Rd1 $18 {1-0 Kasparov,G (2805)-Timman,J (2635)/Riga 1995 (22)}) 9. g3 ({Alternatives are} 9. f3) ({and lately the fashionable} 9. Bg5) 9... Nfd7 (9... e6 10. Bg2 Bb4 11. O-O O-O 12. e3 h6 13. Qe2 Bh7 14. Rd1 Nfd7 $14 {/=}) 10. Nxd7 (10. Nd3 e5 $5 (10... Bxd3 11. Qxd3 e6 (11... e5 $5) 12. Bg2 Be7 13. O-O O-O 14. Rd1 $14 {1-0 Cech,P (2404)-Holemar,D (2380)/Brno 2004 (30)}) (10... Nd5 11. Bg2 Nb4 12. e4 Bg4 13. f3 $16 {1-0 Blagojevic,D (2450)-Kirov,N (2435)/Cetinje 1996 (40)}) 11. dxe5 Nc5 12. e4 (12. Nxc5 Qxd1+ 13. Nxd1 Bxc5 $44) 12... Be6 13. Nxc5 Bxc5 14. Qxd8+ Rxd8 $44) (10. Nf3 e6 11. Bg2 Bb4 12. O-O O-O 13. e4 Bg4 $11 {½-½ Komarov,D (2566)-Berkes,F (2602)/France 2004 (22)}) 10... Qxd7 (10... Nxd7 11. Bg2 e6 12. O-O Bb4 13. e4 Bg6 14. f4 $5 h6 15. f5 $36 {1-0 Gyimesi,Z (2553)-Shaw,J (2465)/Cappelle la Grande 2004 (53)}) 11. e4 (11. h3 e6 (11... e5 $5) 12. e4 Bg6 13. Bg2 Bb4 14. O-O O-O $11) 11... Bh3 ({Worse is} 11... Bg4 12. f3 Bh3 13. Bxh3 Qxh3 14. Qb3 Ra6 (14... Qg2 15. Rf1 Ra6 16. d5 e5 17. dxe6 $18) 15. Be3 Qg2 $2 (15... e6 16. Kf2 $16) 16. O-O-O Qxf3 17. Rhe1 $18 {1-0 Nielsen,P (2636)-Timman,J (2616)/Malmo 2002 (23)}) 12. Bxh3 ({After} 12. Be2 {Black achieved excellent play in the game in which 11...h3 was played for the first time:} e6 13. Be3 Qc7 (13... Bb4 14. d5 Nc8 15. dxc6 Qxd1+ 16. Rxd1 bxc6 $11) 14. d5 exd5 15. Qd4 Nc4 16. exd5 (16. Bxc4 dxc4 17. Qxc4 O-O-O $17) 16... Nxe3 17. Qxe3+ Be7 {½-½ Bu Xiangzhi (2640)-Sokolov,I (2676)/Turin 2006 (48)}) 12... Qxh3 13. Qb3 Ra6 {This relatively new; the theoretical position is considered to offer Black reasonable chances. Aronian's next novelty is a good attempt to improve, but the position remains rather double-edged anyway.} 14. Bf4 $1 $146 ({Previously} 14. Be3 {was played:} e6 15. d5 Bb4 16. dxe6 Qxe6 17. Qxe6+ fxe6 18. Bxb6 Rxb6 19. O-O-O Bc5 20. f4 Ke7 {0-1 Gyimesi,Z (2611)-Bu Xiangzhi (2644)/Bundesliga 2007 (82), with an edge for Black.}) 14... e6 15. Be5 $5 {Before playing c7 White would like to provoke some weaknesses in opponent's pawn formation.} (15. Bc7 {brings nothing in view of} Bb4) 15... Bb4 ({After} 15... f6 16. Bc7 Bb4 17. O-O-O O-O {strong is} 18. Ne2 $1 {pointing out drawbacks of 15...f6.} (18. Kb1 Rf7) (18. Na2 c5 19. Nxb4 c4 $5 20. Qa3 axb4 21. Qxb4 Nxa4 $132 {[%csl Rc1]}) (18. d5 cxd5 19. exd5 Nxd5 (19... Nd7 $5) 20. Nxd5 exd5 21. Qxd5+ Qe6 $11 (21... Kh8 22. Kb1 $13))) 16. Bxg7 Rg8 17. Be5 Qg2 18. O-O-O Bxc3 19. Qxc3 $146 (19. bxc3 Qxe4 20. c4 Qe2 $11) ({RR} 19. bxc3 Qxe4 20. c4 Qe2 21. c5 Qc4+ 22. Qxc4 Nxc4 23. Kc2 b5 24. Kc3 Nxe5 25. dxe5 b4+ 26. Kc4 Ke7 27. Rd6 Rc8 28. Rhd1 Ra7 29. R1d3 Rb7 30. Kb3 Rbc7 {½-½ (30) Sharavdorj,D (2375)-Khatanbaatar,B (2329) Ulaanbaatar 2020}) ({RR} 19. bxc3 Qxe4 20. c4 Qe2 21. c5 Nd5 22. Rde1 Qh5 23. Qxb7 Nb4 24. Bd6 Qg5+ 25. f4 Qd8 26. Rxe6+ fxe6 27. Qxh7 {1-0 (27) Wang,H (2665)-Caruana,F (2598) Reykjavik 2008}) 19... Qxe4 20. Rhe1 Qd5 ({In case of} 20... Qf5 {White can consider} 21. d5 $5 {with initiative:} cxd5 (21... Nxd5 22. Rxd5 exd5 (22... cxd5 23. Qc8+ Ke7 24. Qxb7+ $18) 23. Qc5 $1 {and White wins}) 22. Qc7 (22. Rxd5 $5 Nxd5 (22... exd5 $2 23. Bd6+ $18) 23. Qc8+ Ke7 24. Qxb7+ Kf8 25. Qxa6 Qxf2 26. Qd6+ Ke8 27. Rd1 $13) 22... Qg5+ 23. Kb1 Qe7 (23... Qd8 24. Qc2 $44 {[%csl Rh7][%cal Gf2f4,Gf4f5]}) 24. Qb8+ Qd8 25. Qxb7 Qc8 26. Qxc8+ Nxc8 27. Rc1 $14) 21. b3 Qd7 22. Qc2 Qe7 {Continuing the same courageous strategy started with 15...b4. Carlsen sacrifices the pawn on h7.} ({More to the point looks to me} 22... Rg6 23. h4 h5 {with a complicated position:} 24. Qe2 (24. Kb2 $14 {/}) 24... Qe7 25. Kb2 Qb4 {[%cal Gb6a4]} 26. Ra1 Rg4 $13) 23. Qxh7 Rg6 (23... Qa3+ 24. Kd2 Rg6 (24... Qa2+ 25. Qc2 $16) 25. Re3 $1 Qb2+ $140 26. Ke1 $16) 24. Re3 $5 {It turns out that White can defend conveniently even with his queen on h7.} (24. Kb2 Qb4 $132) ({Aronian must have came to the conclusion that in spite of his extra pawn White's winning chances are not so high after} 24. Qh8+ Qf8 (24... Kd7 25. d5 $1 cxd5 ({or} 25... Nxd5 26. Qb8 $40) 26. Qb8 $40) 25. Qxf8+ Kxf8) 24... Nd5 (24... Qa3+ 25. Kb1 $16) 25. Rf3 Qf8 26. h4 ({Interesting was the unexpected blow} 26. Bd6 {although it is not clear if this is better than the game:} Rg7 (26... Qxd6 $2 27. Qxf7+ Kd8 28. Qxg6 $18) (26... Rh6 27. Rxf7 $1 Qxf7 28. Qxh6 Qf3 29. Qxe6+ Kd8 30. Qg6 Qxb3 31. Bc5 $16) 27. Qh6 (27. Bxf8 Rxh7 {[%csl Rf8,Rh2]}) 27... Qg8 {[%cal Gg7h7]} 28. h4 $14) 26... Rh6 (26... Rb6 27. Kb2 $14) 27. Qc2 Ra8 {So White won a pawn, but making progress is extremely difficult. Black has a powerful knight on d5 and always keeps counterplay possibilities against White's king. In my opinion the position is objectively just slightly better for White. In practice it might be even easier to play with Black, who must fight against White's ideas, whereas White still must search for those ideas.} 28. Qd2 Rh5 29. Kb2 Qg8 30. Re1 Qg6 31. Bd6 Rd8 32. Ba3 Qg4 {Both sides are maneuvering, trying to improve. Essentially there are no changes in the position.} 33. Rd3 Rf5 34. Re5 Kd7 35. Qe2 Rg8 {These moves must have been made when both opponents where short of time. It is not easy to figure out who will benefit from the exchange of queens.} 36. Qe1 {Aronian is trying to exploit his opponent's pawn on a5, but Carlsen succeeds in keeping counterplay without making the move ...b6.} ({Apparently more logical is to play the endgame after} 36. Qxg4 Rxg4 {but how to make progress still remains an open question. On the other hand here White at least won't have to worry about a possible attack against his king.} 37. Rxf5 exf5 $44 {[%cal Gf5f4]}) 36... Rg6 37. Re2 Rf3 38. Rxf3 Qxf3 39. Rc2 Qf6 40. Qxa5 Qxd4+ 41. Ka2 Rf6 42. f4 {[%csl Rg3] Unlike his opponent, Aronian doesn't have any problems advancing his pawns. But f2-f4 weakens the g3-pawn and this factor is immediately exploited by Carlsen.} ({Some chances for advantage were kept by} 42. Bc5 Qe4 43. Rd2 Rf3 44. Qa7 Kc7 45. Be3 $1 $14 {[%cal Ga7d4] and bad is} Nxe3 $4 46. Qa5+ b6 47. Qa7+ Kc8 48. Qa8+ Kc7 49. Qd8+ Kb7 50. Rd7+ Ka6 51. Qa8#) (42. Qa8 Nc3+ $11) 42... Rg6 $11 (42... Qd3 {also not bad, but the game continuation is convincing enough}) 43. Qa8 Nb4+ 44. Bxb4 Qxb4 45. Rg2 (45. Rc4 Qd2+ 46. Ka3 Kc7 $1 47. Qf8 Rxg3 48. Qxf7+ Qd7 49. Qxd7+ Kxd7 $11) 45... Rxg3 46. Rxg3 Qd2+ 47. Ka3 Qc1+ (47... Qc1+ 48. Kb4 Qxf4+ 49. Kc5 Qf2+ $11) 1/2-1/2